00666 a2200193 45000010006000000050017000060080041000230030015000640400040000790800038001192450048001572640036002053000019002415050134002600410008003941000024004027000020004267000026004465426820260407155813.0260407a1972 arg spa dAR-UNSa-BCEJYS aAR-UNSa-BCEJYSbspacAR-UNSa-BCEJYS a336.74xMoneda. Sistema monetario10aLa demanda de Dineropteorías y evidencia 1aBarcelona :bAntoni Boschc1972 a159 p.c22 cm. a1. La demanda del dinero en la teoría macroeconómica – 2. Teorías de la demanda de dinero – 3. La evidencia empírica. aspa1 aLaidler, David E.W.1 aBlanchar, Elena1 aFina Sanglás, Lluis